000 00534nam a22002057a 4500
001 00028800
005 20260416145745.0
008 260416b ag ||||| |||| 00| 0 spa d
020 _a8466624279
040 _aAR-CcCEOS
_bspa
_cAR-CcCEOS
041 _aspa
080 _a929
090 _bMAU
100 1 _aMaurois, André,
_d1885-1967
_91069
245 _aEn busca de Marcel Proust /
_cAndré Maurois
264 _aBarcelona :
_bB,
_cc2005.
300 _a306 p. ;
_c24x15 cm.
655 0 _abiografía
_9191
942 _2udc
_cBK
_n0
999 _c28836
_d28836